000 00429nam a2200157 i 4500
001 bg
100 1 _aWALERCZYK, Danuta
245 0 _aJęzyk niemiecki :
_bteksty i ćwiczenia z zakresu informatyki /
_cD. Walerczyk.
260 _aSzczecin,
_c1984.
650 9 _aJęzyk niemiecki
_xinformatyka
655 _aPodręczniki akademickie
040 _cBPK
041 _apol
942 _cKS
008 s pl f |000 0 pol
999 _c3696
_d3696
856 _uhttp://koha.tu.koszalin.pl/cgi-bin/koha/opac-detail.pl?biblionumber=3696
_yKatalog online BPK